000 00628nam a2200253Ia 4500
001 44996
005 20240114003653.0
007 ta
008 090305s1951 g b000 u 465 u
020 _cHB
040 _aCotton College,Assam
041 _a465
082 _a824.91
_bEl 46 Se
100 _aEliot, T.S..
245 0 _aSelected Essays /
_cT.S. Eliot.
_hTextual Documents
250 _a1st ed /
260 _aLondon :
_bFaber And Faber ,
_c1951.
300 _a516p. ;
_c22 cm.
653 _aEnglish Literature
653 _aT/G-English
942 _2ddc
_cBK
999 _c44962
_d44962